|
|
|
|
| LEADER |
01347nam a22003374a 4500 |
| 001 |
35368 |
| 003 |
BD-DhAAL |
| 005 |
20211129153116.0 |
| 008 |
190912t2000 deua b 001 0 eng |
| 999 |
|
|
|c 41234
|d 41234
|
| 010 |
|
|
|a 00026946
|
| 020 |
|
|
|a 0872072703
|
| 020 |
|
|
|a 9780872072701
|
| 040 |
|
|
|a DLC
|c DLC
|d DLC
|d BD-DhAAL
|
| 042 |
|
|
|a pcc
|
| 050 |
0 |
0 |
|a LB1576
|b .W665 2000
|
| 082 |
0 |
0 |
|a 372.6044
|2 21
|
| 100 |
1 |
|
|a Wooten, Deborah A.
|9 34533
|
| 245 |
1 |
0 |
|a Valued voices :
|b an interdisciplinary approach to teaching and learning /
|c Deborah A. Wooten.
|
| 246 |
3 |
0 |
|a Interdisciplinary approach to teaching and learning
|
| 260 |
|
|
|a Newark, Del. :
|b International Reading,
|c c2000.
|
| 300 |
|
|
|a vii, 134 pages :
|b illustrations ;
|c 25 cm.
|
| 504 |
|
|
|a Includes bibliographical references (p. 123-126) and index.
|
| 526 |
|
|
|a BIED
|
| 541 |
|
|
|a Complimentary copy from BIED
|e 35368
|
| 650 |
|
0 |
|a Language arts (Elementary)
|9 34534
|
| 650 |
|
0 |
|a Interdisciplinary approach in education.
|9 34535
|
| 650 |
|
0 |
|a Children
|x Books and reading.
|9 34536
|
| 852 |
|
|
|a Ayesha Abed Library
|c BIED Collection
|
| 942 |
|
|
|2 ddc
|c BK
|
| 952 |
|
|
|0 0
|1 0
|2 ddc
|4 0
|6 372_604400000000000_WOO
|7 0
|9 66284
|a BRACUL
|b BRACUL
|c GEN
|d 2019-09-12
|e Complimentary copy from BIED
|l 0
|o 372.6044 WOO
|p 3010035368
|r 2019-09-12
|t 1
|w 2019-09-12
|y BK
|x Transferred from BIED to General Stacks
|